000 01356nam a2200361 i 4500
001 000014793
003 DO-SdBNP
005 20260325131454.0
007 ta
008 100122e2009 dr a fr 001 0 spa d
020 _a9789945871210
040 _aDO-SdBNP
_bspa
_cBNPHU
_erda
041 _aspa
049 _aBNPD
082 4 _a614.7293
_bB844s
_222
100 1 _aBretón Holguín, Salvador,
_d1951-
_eautor
_4aut.
_925884
245 1 0 _aSalud bucal :
_bestado, política y sociedad,"algo más que espejo, pinza y explorador " /
_cSalvador Bretón Holguín; prólogo, Dagoberto Tejada Ortiz.
264 1 _aSanto Domingo :
_bPubliguías,
_c2009.
300 _a190 páginas :
_bilustraciones ;
_c22 cm.
336 _atexto
_btxt
_2rdacontent
337 _asin mediación
_bn
_2rdamedia
338 _avolumen
_bnc
_2rdacarrier
500 _aIncluye datos biográficos del autor en las solapas.
590 _aInventariado 2021 / MF
650 4 _aSalud pública
_xAspectos sociales
_933521
650 4 _aSalud pública
_zRepública Dominicana
_xAspectos políticos
_933522
650 4 _aSalud pública dental
_933523
650 0 _aAtención primaria de salud
_920167
650 4 _aRepública dominicana
_xCondicones sociales
_933525
650 0 _a Igualdad
_912328
700 1 _aTejada Ortiz, Dagoberto,
_d1940-
_eprologuista
_4pr.
_933526
942 _2ddc
_cLBS1
999 _c14375
_d14375